HEILLER, Karol (Hailer, Heiler) náboženský spisovateľ, cirkevný hodnostár (12. 2. 1811 Bratislava - 24. 3. 1889 tamže)

Bibliographic Details
Format: Article
Language:Slovak
Subjects:

MARC

LEADER 00000naa a2200000uu 4500
001 vtls010918043
003 SK-MaSNL
005 20260302131545.0
008 220808|1987 xo |||||||||||||||||slo|
015 |a SNBRA 
035 |a (urnnbn)urn:nbn:sk:snk:ar-a0cxl4 
035 |a (uuid)52f83a02-05e5-40d2-8ad0-8173964e44f4 
035 |a urn:nbn:sk:snk-aatman 
040 |a SNKBUCL  |b slo  |c SNKBUCL  |e AACR2 
041 0 |a slo 
044 |a xo  |c SK 
245 0 0 |a HEILLER, Karol (Hailer, Heiler)  |b náboženský spisovateľ, cirkevný hodnostár (12. 2. 1811 Bratislava - 24. 3. 1889 tamže) 
655 7 |a biografické heslá  |2 SNKPH  |9 368942 
773 0 |t Slovenský biografický slovník : (od roku 833 do roku 1990). II. zväzok, E-J  |d Martin : Matica slovenská, 1987  |g S. 310 
954 |a odborná, vedecká literatúra pôvodná (slovenská)  |2 lita 
958 |a BX 
958 |a OND 
958 |a chapter 
958 |a article25 
999 |c 1308708  |d 1310638